MARC details
| 000 -LEADER |
| fixed length control field |
01479cam a22003491 4500 |
| 001 - CONTROL NUMBER |
| control field |
200448850 |
| 003 - CONTROL NUMBER IDENTIFIER |
| control field |
TR-AnTOB |
| 005 - DATE AND TIME OF LATEST TRANSACTION |
| control field |
20251226142224.0 |
| 007 - PHYSICAL DESCRIPTION FIXED FIELD--GENERAL INFORMATION |
| fixed length control field |
ta |
| 008 - FIXED-LENGTH DATA ELEMENTS--GENERAL INFORMATION |
| fixed length control field |
801015r19601957tu b b i000 0 eng |
| 010 ## - LIBRARY OF CONGRESS CONTROL NUMBER |
| LC control number |
60042695 |
| 035 ## - SYSTEM CONTROL NUMBER |
| System control number |
(OCoLC)6828568 |
| 040 ## - CATALOGING SOURCE |
| Original cataloging agency |
DLC |
| Language of cataloging |
eng |
| Description conventions |
rda |
| Transcribing agency |
ViBlbV |
| Modifying agency |
DLC |
| -- |
TR-AnTOB |
| 041 0# - LANGUAGE CODE |
| Language code of text/sound track or separate title |
İngilizce |
| 042 ## - AUTHENTICATION CODE |
| Authentication code |
premarc |
| 050 00 - LIBRARY OF CONGRESS CALL NUMBER |
| Classification number |
TN111 |
| Item number |
.U6 1960 |
| 090 ## - LOCALLY ASSIGNED LC-TYPE CALL NUMBER (OCLC); LOCAL CALL NUMBER (RLIN) |
| Classification number (OCLC) (R) ; Classification number, CALL (RLIN) (NR) |
TOBBK TN111 |
| Local cutter number (OCLC) ; Book number/undivided call number, CALL (RLIN) |
.U6 1960 |
| 110 2# - MAIN ENTRY--CORPORATE NAME |
| Corporate name or jurisdiction name as entry element |
United States of America Operations Mission to Turkey |
| Subordinate unit |
Operations Mission to Turkey. |
| 9 (RLIN) |
133704 |
| 245 12 - TITLE STATEMENT |
| Title |
A guide to the known minerals of Turkey. |
| Statement of responsibility, etc. |
Rev. by C. W. Ryan, mining engineer, December 1957. Reprint [with minor changes] April 1960; Mineral Research and Exploration Institute of Turkey and the Office of International Economic Cooperation, Ministry of Foreign Affairs in cooperation with the U. S. Operations Mission to Turkey, International Cooperation Administration. |
| 264 #1 - PRODUCTION, PUBLICATION, DISTRIBUTION, MANUFACTURE, AND COPYRIGHT NOTICE |
| Place of production, publication, distribution, manufacture |
Ankara : |
| Name of producer, publisher, distributor, manufacturer |
International Cooperation, |
| Date of production, publication, distribution, manufacture, or copyright notice |
1957. |
| 300 ## - PHYSICAL DESCRIPTION |
| Extent |
viii, 196 pages : |
| Other physical details |
colors, maps, |
| Dimensions |
27 cm |
| 336 ## - CONTENT TYPE |
| Content type term |
text |
| Content type code |
txt |
| Source |
rdacontent |
| 337 ## - MEDIA TYPE |
| Media type term |
unmediated |
| Media type code |
n |
| Source |
rdamedia |
| 338 ## - CARRIER TYPE |
| Carrier type term |
volume |
| Carrier type code |
nc |
| Source |
rdacarrier |
| 650 #0 - SUBJECT ADDED ENTRY--TOPICAL TERM |
| Topical term or geographic name entry element |
Mines and mineral resources |
| Geographic subdivision |
Turkey |
| 9 (RLIN) |
100125 |
|
| Topical term or geographic name entry element |
Mineral industries |
| Geographic subdivision |
Turkey |
| 9 (RLIN) |
44239 |
| 700 1# - ADDED ENTRY--PERSONAL NAME |
| Personal name |
Ryan, C. W. |
| Fuller form of name |
(Christopher Winfree), |
| Dates associated with a name |
1898- |
| 9 (RLIN) |
133705 |
| 710 2# - ADDED ENTRY--CORPORATE NAME |
| Corporate name or jurisdiction name as entry element |
Maden Tetkik ve Arama Enstitüsü (Turkey) |
| 9 (RLIN) |
62292 |
| 942 ## - ADDED ENTRY ELEMENTS (KOHA) |
| Source of classification or shelving scheme |
Other/Generic Classification Scheme |
| Koha item type |
Book |